| Tag |
First Indicator |
Second Indicator |
Subfields |
| LEADER |
00000cam a22000001a 4500 |
| 001 |
in00002898693 |
| 005 |
20190401172825.0 |
| 006 |
m o d |
| 007 |
cr un mmmapmmp |
| 008 |
060914s1875 dcu o f000 0 eng d |
| 035 |
|
|
|a cis2004005481
|
| 040 |
|
|
|a UMI
|c UMI
|d UtOrBLW
|
| 043 |
|
|
|a n-us---
|
| 099 |
|
|
|a ProQuest Serial Set Number 1654 H.misdoc.69
|
| 110 |
1 |
|
|a United States.
|b Congress.
|b House.
|b Committee on Commerce.
|
| 245 |
1 |
0 |
|a Harbors at Saint Joseph, New Buffalo, and Benton, Michigan. Joint resolution of the Legislature of Michigan, asking Congress for an appropriation for the improvement of the harbors at Saint Joseph and New Buffalo; also, Benton Harbor, on Lake Michigan.
|
| 246 |
1 |
|
|a Resolution of legislature of Michigan for improvement of harbors at Saint Joseph and New Buffalo, also Benton Harbor
|
| 264 |
|
1 |
|a Washington :
|b [publisher not identified],
|c 1875.
|
| 300 |
|
|
|a 1 online resource.
|
| 336 |
|
|
|a text
|b txt
|2 rdacontent
|
| 337 |
|
|
|a computer
|b c
|2 rdamedia
|
| 338 |
|
|
|a online resource
|b cr
|2 rdacarrier
|
| 490 |
0 |
|
|a H.misdoc.69
|
| 500 |
|
|
|a Record is based on bibliographic data in ProQuest U.S. Serial Set Digital Collection (last viewed Sept. 2006). Reuse except for individual research requires license from ProQuest, LLC.
|
| 510 |
3 |
|
|a ProQuest U.S. Serial Set Digital Collection
|
| 500 |
|
|
|a Electronic resource.
|
| 650 |
|
0 |
|a Dredging.
|
| 650 |
|
0 |
|a Harbors.
|
| 650 |
|
0 |
|a Public works.
|
| 655 |
|
7 |
|a Electronic books.
|2 local
|
| 710 |
2 |
|
|a ProQuest (Firm)
|
| 830 |
|
0 |
|a United States congressional serial set.
|
| 856 |
4 |
0 |
|u http://proxy.library.tamu.edu/login?url=http://congressional.proquest.com/congcomp/getdoc?SERIAL-SET-ID=1654+H.misdoc.69
|z Connect to the full text of this electronic book
|t 0
|
| 999 |
|
|
|a MARS
|
| 999 |
f |
f |
|s df8ee241-30e3-33dc-b055-1bd0a3a8e4c1
|i 785f5560-5ef6-3505-815a-ac2af03b9b38
|t 0
|
| 952 |
f |
f |
|a Texas A&M University
|b College Station
|c Electronic Resources
|d Available Online
|t 0
|e ProQuest Serial Set Number 1654 H.misdoc.69
|h Other scheme
|
| 998 |
f |
f |
|a ProQuest Serial Set Number 1654 H.misdoc.69
|t 0
|l Available Online
|